Taylor Swift - My Tears Ricochet Lyrics - Statistics

General Stats
  • This quiz has been taken 3,195 times
  • The average score is 259 of 310
Answer Stats
Lyric % Correct
a
99%
i
99%
my
98%
you
97%
and
96%
in
96%
tears
96%
the
96%
to
96%
go
95%
me
95%
ricochet
95%
hear
94%
at
93%
when
93%
i'm
92%
we
91%
it
90%
look
90%
your
90%
did
89%
have
89%
how
89%
if
89%
name
89%
why
89%
cursing
88%
on
88%
want
88%
with
88%
be
87%
didn't
87%
grace
87%
stayed
87%
wishing
87%
are
86%
as
86%
just
86%
but
85%
can
85%
myself
85%
not
84%
worst
84%
dead
83%
gave
83%
home
83%
wake
83%
all
82%
anywhere
82%
day
81%
of
80%
so
80%
too
80%
fire
79%
same
79%
ashes
78%
deserve
78%
even
78%
still
78%
you're
78%
'cause
77%
loved
77%
made
77%
what
77%
hell
76%
know
76%
you'll
76%
babe
75%
here
75%
up
75%
dying
74%
gather
74%
miss
73%
swear
73%
talk
73%
wear
73%
blood
72%
line
72%
never
72%
room
72%
that
72%
'til
72%
for
71%
hero
70%
night
70%
sleep
70%
some
70%
ring
69%
saving
69%
make
68%
was
68%
can't
67%
diamond
67%
knowing
67%
stones
67%
sunlit
67%
around
66%
bones
66%
face
66%
mean
66%
screaming
66%
tell
66%
throw
66%
would
66%
brave
65%
fight
65%
haunt
65%
sky
65%
stolen
65%
flying
64%
ghostly
64%
jewels
64%
heart
63%
scene
63%
they'll
63%
bury
62%
used
62%
i'd
61%
will
61%
kill
59%
had
57%
lullabies
56%
weeping
56%
killed
55%
beneath
54%
sink
54%
battleships
52%
waves
52%
fears
51%
into
50%
aim
49%
turned
48%
this
47%
out
44%
drunk
43%
tossing
39%
blame
37%
years
36%
good
35%
pain
34%
crossing
23%
No matching quizzes found
Score Distribution
Percent of People with Each Score
Percentile by Number Answered
Your Score History
You have not taken this quiz